Normal view
MARC view
Entry Personal Name
001 - CONTROL NUMBER
- control field: 1237089
003 - CONTROL NUMBER IDENTIFIER
- control field: OSt
005 - DATE AND TIME OF LATEST TRANSACTION
- control field: 20260430150312.0
008 - FIXED-LENGTH DATA ELEMENTS
- fixed length control field: 260430|| aca||aabn | a|a d
040 ## - CATALOGING SOURCE
- Original cataloging agency: OSt
- Transcribing agency: OSt
100 ## - HEADING--PERSONAL NAME
- Personal name: Ananya Manas Au.; Iffat Jahan Gu
670 ## - SOURCE DATA FOUND
- Source citation: Work cat.: (OSt)1849457: Ananya Manas Au.; Iffat Jahan Gu., Maximality and Weaker forms of Normality in L-Groups, 2023
